Orientaciones didácticas para el desarrollo del proyecto aprendamos juntos (Record no. 212475)
[ view plain ]
| 000 -CABECERA | |
|---|---|
| campo de control de longitud fija | 00964nam a22002537a 4500 |
| 005 - FECHA Y HORA DE LA ÚLTIMA TRANSACCIÓN | |
| campo de control | 20250109151728.0 |
| 007 - CAMPO FIJO DE DESCRIPCIÓN FÍSICA--INFORMACIÓN GENERAL | |
| campo de control de longitud fija | cr |||aaa||||| |
| 008 - ELEMENTOS DE LONGITUD FIJA--INFORMACIÓN GENERAL | |
| campo de control de longitud fija | 250109s2021 mx ||||fo|||| 00| 0 spa d |
| 040 ## - FUENTE DE LA CATALOGACIÓN | |
| Centro catalogador/agencia de origen | MX-MxUPN |
| Lengua de catalogación | spa |
| Centro/agencia transcriptor | MX-MxUPN |
| Normas de descripción | aacr2 |
| 041 ## - CÓDIGO DE IDIOMA | |
| Código de lengua del texto/banda sonora o título independiente | spa |
| 050 04 - SIGNATURA TOPOGRÁFICA DE LA BIBLIOTECA DEL CONGRESO | |
| Número de clasificación | LB1027.23 |
| 245 00 - MENCIÓN DE TÍTULO | |
| Título | Orientaciones didácticas para el desarrollo del proyecto aprendamos juntos |
| Medio | [recurso electrónico en línea] |
| 260 ## - PUBLICACIÓN, DISTRIBUCIÓN, ETC. | |
| Lugar de publicación, distribución, etc. | México : |
| Fecha de publicación, distribución, etc. | 2021. |
| 300 ## - DESCRIPCIÓN FÍSICA | |
| Extensión | 1 recurso en línea (4 páginas) : |
| Otras características físicas | |
| 490 0# - MENCIÓN DE SERIE | |
| Mención de serie | ¡Hagamos comunidad! Estrategias de apoyo pedagógico para la educación media superior |
| 500 ## - NOTA GENERAL | |
| Nota general | Material para docentes |
| 506 0# - NOTA DE RESTRICCIONES AL ACCESO | |
| Limitaciones de acceso | Acceso abierto |
| 650 #7 - ASIENTO SECUNDARIO DE MATERIA - TERMINO TEMATICO | |
| Término de materia o nombre geográfico como elemento de entrada | Educación media superior |
| 9 (RLIN) | 2253 |
| 650 #4 - ASIENTO SECUNDARIO DE MATERIA - TERMINO TEMATICO | |
| Término de materia o nombre geográfico como elemento de entrada | Aprendizaje por experiencia |
| 9 (RLIN) | 17926 |
| 650 #4 - ASIENTO SECUNDARIO DE MATERIA - TERMINO TEMATICO | |
| Término de materia o nombre geográfico como elemento de entrada | Aprendizaje basado en proyectos |
| 9 (RLIN) | 27842 |
| 856 40 - LOCALIZACIÓN Y ACCESO ELECTRÓNICOS | |
| Identificador Uniforme del Recurso | <a href="https://www.mejoredu.gob.mx/images/blog/estrategias/orientaciones-didacticas.pdf">https://www.mejoredu.gob.mx/images/blog/estrategias/orientaciones-didacticas.pdf</a> |
| 902 ## - ELEMENTOS DE DATOS B LOCAL, LDB (RLIN) | |
| Modificó | MaríaRobles/090125 |
| 942 ## - ELEMENTOS DE PUNTO DE ACCESO ADICIONAL (KOHA) | |
| Fuente del sistema de clasificación o colocación | Library of Congress Classification |
| Tipo de ítem Koha | Libro Electrónico |
| Estado de retiro | Estado de pérdida | Fuente del sistema de clasificación o colocación | Estado dañado | No para préstamo | Código de colección | Localización permanente | Ubicación/localización actual | Ubicación en estantería | Fecha de adquisición | Total de préstamos | Clasificación | Fecha visto por última vez | Identificador Uniforme del Recurso | Precio válido a partir de | Tipo de ítem Koha |
|---|---|---|---|---|---|---|---|---|---|---|---|---|---|---|---|
| Library of Congress Classification | Acceso abierto | Bib. Gregorio Torres Quintero | Bib. Gregorio Torres Quintero | En línea | 09/01/2025 | LB1027.23 | 09/01/2025 | https://www.mejoredu.gob.mx/images/blog/estrategias/orientaciones-didacticas.pdf | 09/01/2025 | Libro Electrónico |
